01048nam a2200205 a 450000100100000000500170001000800410002704000250006808200150009311000760010824501420018424600580032626000700038430000280045450000430048270000680052595201130059395201190070699900170082500004584020250217091458.0150519s2006 dr a 000 0 spa d aDO-SdBNPbspacBNPHU axxxxbxxxx1 aRepública Dominicana.bComisión Nacional de Pastoral Familiar9964010aAsambleas familiares :bla familia formadora de discípulos para la misión /cpresentación Nicolás de Jesús López Rodríguez.13ala familia formadora de discípulos para la misión aSanto Domingo :bComisión Nacional de Pastoral Familiar,c2006. a24 cm. :bil. ;c22 cm. aHacia el III plan nacional de pastoral12a López Rodríguez, Nicolás de Jesús, d1936-epres.9670 0010718PDaPDbPDcCTd2015-05-19iLF1l0oxxxx xxxxp45840-10r2020-06-25w2020-06-25yLFPDZNo se presta 0010718PDaPDbPDcCTd2015-05-19iLF1l0oxxxx xxxxp45840-20r2020-06-25te. 2w2020-06-25yLFPDZNo se presta c45329d45329